<?xml version="1.0" encoding="UTF-8"?>
<collection xmlns="http://www.loc.gov/MARC21/slim">
 <record>
  <leader>     na                 </leader>
  <controlfield tag="001">INLIS000000000001514</controlfield>
  <controlfield tag="005">20250204105542</controlfield>
  <controlfield tag="035">$a 0010-0225000003</controlfield>
  <controlfield tag="245">$a Terbang jauh demi kelangsungan hidup /$c Bhakti Karyono</controlfield>
  <controlfield tag="100">$a Bhakti Karyono</controlfield>
  <controlfield tag="300">$a 90 hlm : $b ilus ; $c 15 x 23 cm</controlfield>
  <controlfield tag="260">$a Jakarta :$b PT Kuart Internasional,$c 2025</controlfield>
  <controlfield tag="082">$a 050</controlfield>
  <controlfield tag="084">$a 050 BHA t</controlfield>
  <controlfield tag="022">$a 16939964</controlfield>
  <controlfield tag="990">$a MK003/2025</controlfield>
 </record>
</collection>
